000 00262nam a2200097Ia 4500
008 190216s9999||||xx |||||||||||||| ||und||
100 _aThrimbuvan Singh
245 0 _aHindi-Adunik Hindi Kavitha Ki Swachand Dwara
260 _bMac Millian And Com. Ltd
942 _cBK
999 _c17013
_d17013